Storia della pirateria /

Guardat en:
Dades bibliogràfiques
Autor principal: Cordingly, David (Autor)
Altres autors: Tissoni, Adria
Format: Llibre
Idioma:italià
Publicat: Milano : Mondadori, 2017
Edició:Ristampa
Col·lecció:Oscar storia ; 123
Matèries:
Etiquetes: Afegir etiqueta
Sense etiquetes, Sigues el primer a etiquetar aquest registre!

MARC

LEADER 00000nam a2200000 i 4500
001 IT\ICCU\CFI\0991507
003 ItRI
005 20251210172552.0
008 181105s2017 it |||||| ||||| |||||c
015 |2 IT  |a 2018-13545 
020 |a 9788804687061 
040 |b ita  |c Arcigay Viterbo 
041 7 |a ita  |2 ISO-639-2 
082 |a 364.164  |2 23 
100 1 |a Cordingly, David  |0 IT\ICCU\RAVV\349874  |4 aut 
240 1 0 |a Under the black flag.  |9 Cordingly, David 
245 1 0 |a Storia della pirateria /  |c David Cordingly ; traduzione di Adria Tissoni. 
250 |a Ristampa 
260 |a Milano :  |b Mondadori,  |c 2017 
300 |a XVIII, 317 p. ;  |c 20 cm 
650 7 |a Pirateria  |x Storia 
700 1 |a Tissoni, Adria  |0 IT\ICCU\CFIV\115041 
830 0 |a Oscar storia ;  |v 123  |0 IT\ICCU\CFI\0167113 
942 |2 ddc  |c BK  |n 0 
952 |0 0  |1 0  |2 ddc  |4 0  |6 A_53_000000000000000  |7 0  |9 10042  |a VT  |b VT  |d 2025-12-10  |e Deposito Lorenzo Abbate  |i ABB12  |l 0  |o A53  |p ABB12  |r 2025-12-10 17:26:28  |w 2025-12-10  |y BK  |z Deposito Lorenzo Abbate 
981 1 |6 z01  |a i   |b xxxe  
982 1 |6 z01  |a n 
999 |c 8371  |d 8371